000 00353nam a2200157Ia 4500
100 _aTremblay /J.P
250 _a2
942 _cBK
654 _adatastructures
245 _aIntroduction to Datastructures with applications
260 _bTata Mc Graw hill Ltd.
_c1984
082 _a5.73
_bTRE
300 _a861
546 _aENGLISH
999 _c33931
_d33931